[Event "Zhukovsky Naukograd-C"]
[Site "Zhukovsky"]
[Date "2007.04.01"]
[Round "4"]
[White "Ambartsumian, David"]
[Black "Artemiyev, Aleksandr"]
[Result "0-1"]
[WhiteElo "1962"]
[BlackElo "2004"]
[PlyCount "86"]
[EventDate "2007.04.01"]
[EventType "tourn"]
[EventRounds "11"]
[EventCountry "RUS"]
[SourceTitle "EXT 2022"]
[Source "ChessBase"]
[SourceDate "2021.10.06"]
[SourceVersion "1"]
[SourceVersionDate "2021.10.06"]
[SourceQuality "1"]

1. e4 e6 2. d4 d5 3. Nc3 Nf6 4. e5 Nfd7 5. f4 c5 6. Nf3 Nc6 7. Be3 a6 8. a4 Qb6 9. b3 cxd4 10. Nxd4 Bb4 11. Qd3 Nc5 12. Qd2 Qa5 13. Nxc6 bxc6 14. Bd4 Ne4 15. Qd3 Nxc3 16. Kf2 Ne4+ 17. Kf3 Bc5 18. c3 Qb6 19. Rc1 a5 20. g4 Ba6 21. Qe3 Bxf1 22. Rhxf1 g6 23. Ke2 Bxd4 24. cxd4 Rc8 25. f5 exf5 26. gxf5 Rc7 27. Rf3 gxf5 28. Rxf5 Rg8 29. Kf3 Qxb3 30. Qxb3 Nd2+ 31. Ke3 Nxb3 32. Rb1 Rb7 33. Rf6 Rg6 34. Rf3 Rb4 35. Kd3 c5 36. dxc5 Nxc5+ 37. Kc2 Rxb1 38. Kxb1 Nxa4 39. Ra3 Rg4 40. Kc2 Ke7 41. Kb3 Ke6 42. Rxa4 Rxa4 43. Kxa4 Kxe5 0-1

[Event "Zhukovsky Naukograd-C"]
[Site "Zhukovsky"]
[Date "2007.04.01"]
[Round "1"]
[White "Ambartsumian, David"]
[Black "Vatolin, Petr"]
[Result "1-0"]
[WhiteElo "1962"]
[BlackElo "1736"]
[PlyCount "131"]
[EventDate "2007.04.01"]
[EventType "tourn"]
[EventRounds "11"]
[EventCountry "RUS"]
[SourceTitle "EXT 2022"]
[Source "ChessBase"]
[SourceDate "2021.10.06"]
[SourceVersion "1"]
[SourceVersionDate "2021.10.06"]
[SourceQuality "1"]

1. e4 d5 2. exd5 Nf6 3. Bc4 Nxd5 4. d3 c6 5. Ne2 e5 6. 0-0 Bg4 7. h3 Bh5 8. Qe1 Nd7 9. Ng3 Bg6 10. Nd2 Bd6 11. Nde4 Bc7 12. Bg5 f6 13. Bd2 Qe7 14. Nc3 N5b6 15. Bb3 Nc5 16. Nge4 Nxb3 17. axb3 Nd7 18. Qe2 0-0 19. f4 f5 20. Ng3 Qf7 21. fxe5 Bxe5 22. Bf4 Bd4+ 23. Kh1 Rfe8 24. Qf3 Ne5 25. Bxe5 Rxe5 26. Qf4 Qd7 27. Nge2 Bxc3 28. Nxc3 Re7 29. Rfe1 Rxe1+ 30. Rxe1 Re8 31. Re5 Rxe5 32. Qxe5 Qe8 33. Qc7 Bf7 34. Qxb7 Qe1+ 35. Kh2 Qe5+ 36. g3 Bd5 37. Qxa7 f4 38. Qf2 Qe3 39. Qxf4 Qe1 40. Nxd5 Qe2+ 41. Kg1 cxd5 42. Qf2 Qe5 43. c3 h6 44. Kf1 Qh5 45. Kg2 Qd1 46. d4 Qxb3 47. Qe2 Kh8 48. Kf3 Qb7 49. Qe8+ Kh7 50. b4 Qc7 51. Qe3 Qc4 52. Kf2 Qa2+ 53. Ke1 Qb1+ 54. Ke2 Qc2+ 55. Ke1 Qb1+ 56. Kd2 Qb2+ 57. Kd1 Qb1+ 58. Qc1 Qd3+ 59. Qd2 Qxg3 60. Qc2+ Kh8 61. Qb3 Qxh3 62. Qxd5 Qxc3 63. b5 Qd3+ 64. Kc1 Qc3+ 65. Kb1 Qb4+ 66. Ka2 1-0